Tập bài giảng kinh tế chính trị Mác - Lênin
v.v...
Đã lưu trong:
| Tác giả chính: | |
|---|---|
| Định dạng: | Sách |
| Năm xuất bản: |
1996
|
| Chủ đề: | |
| Tags: |
Thêm thẻ
Không có thẻ, Hãy là người đầu tiên gắn thẻ bản ghi này!
|
| LEADER | 00787nam a2200169 4500 | ||
|---|---|---|---|
| 082 | |a 335.412071 |b T123b | ||
| 100 | |a Nguyễn Thị Hiền | ||
| 245 | |a Tập bài giảng kinh tế chính trị Mác - Lênin |c Nguyễn Thị Hiền, Nguyễn Văn Đợi, Nguyễn Mai Lan,... | ||
| 260 | |a |b |c 1996 | ||
| 300 | |a 319 tr. |c 21 cm | ||
| 520 | |a v.v... | ||
| 653 | |a Kinh tế chính trị Mác - Lênin | ||
| 653 | |a bài giảng | ||
| 942 | |2 ddc |c SH | ||
| 999 | |c 9470 |d 9470 | ||
| 952 | |0 0 |1 0 |2 ddc |4 0 |6 335_412071000000000_T123B |7 0 |8 300 |9 75385 |a qbu |b qbu |c D2 |d 2015-05-11 |g 25000 |o 335.412071 T123b. |p 9122.c1 |r 0000-00-00 |w 2015-05-11 |y SH | ||
| 952 | |0 0 |1 0 |2 ddc |4 0 |6 335_412071000000000_T123B |7 0 |8 300 |9 92314 |a qbu |b qbu |c D2 |d 2015-08-31 |g 25000 |l 1 |o 335.412071 T123b. |p 9122.c2 |r 2020-07-09 |s 2020-06-25 |w 2015-08-31 |y SH | ||